Statistics for ALL HAUNTED MOUND MEMBERS

Click here to take the quiz!

General Stats

  • This quiz has been taken 85 times
    (15 since last reset)
  • The average score is 9 of 11

Answer Stats

HintAnswer% Correct
RapperBuckshot
100%
Ex-MemberGhost Mountain
100%
RapperHackle
100%
Produceroscar18
100%
Ex-MemberTurnabout
100%
RapperSematary
92%
Ex-MemberGonerville
83%
ProducerAnvil
67%
ProducerGrimoire
67%
Ex-MemberJJ Valhalla
67%
Ex-MemberSnuffer
67%

Score Distribution

Percentile by Number Answered

Percent of People with Each Score

Your Score History

You have not taken this quiz since the last reset